|
|
|
|
| LEADER |
00000nam0a2200000 4500 |
| 001 |
227414 |
| 005 |
20231101230812.0 |
| 010 |
|
|
|b 10000 экз.
|
| 035 |
|
|
|a (RuTPU)RU\TPU\book\247842
|
| 090 |
|
|
|a 227414
|
| 100 |
|
|
|a 20121206d1983 m y0rusy50 ca
|
| 101 |
0 |
|
|a rus
|
| 102 |
|
|
|a RU
|
| 105 |
|
|
|a ac z 000zy
|
| 200 |
1 |
|
|a Крылатые мысли Карла Маркса
|e из произведений и писем
|f К. Маркс
|g сост. и авт. вступит. ст. Р. А. Усиков ; худож. С. Р. Ковалев
|
| 210 |
|
|
|a Пермь
|c Пермское книжное издательство
|d 1983
|
| 215 |
|
|
|a 201 с.
|c ил., портр.
|d 9,5 см.
|
| 300 |
|
|
|a В суперобложке.
|
| 610 |
1 |
|
|a крылатые выражения
|
| 610 |
1 |
|
|a изречения
|
| 610 |
1 |
|
|a высказывания
|
| 610 |
1 |
|
|a миниатюрные издания
|
| 686 |
|
|
|a Ч611.68
|v LBC/SL-A
|2 rubbk
|
| 700 |
|
1 |
|a Маркс
|b К.
|c немецкий мыслитель
|c общественный деятель
|c основоположник марксизма
|f 1818-1883
|g Карл
|2 stltpush
|3 (RuTPU)RU\TPU\pers\297
|9 147
|
| 702 |
|
1 |
|a Усиков
|b Р. А.
|4 220
|4 080
|
| 702 |
|
1 |
|a Ковалев
|b С. Р.
|4 440
|
| 801 |
|
1 |
|a RU
|b 63413507
|c 20121206
|
| 801 |
|
2 |
|a RU
|b 63413507
|c 20131106
|g RCR
|
| 942 |
|
|
|c BK
|